000 00275nam a22001217a 4500
008 171023b xxu||||| |||| 00| 0 eng d
041 _aeng
080 _a338
100 _a54
101 _aMO
245 _aINTRODUCTION TO STATISTICAL ANALYSIS
_cDIXON, W.J
942 _2udc
_cBK
999 _c35506
_d35506